LEADER 01434nam 2200493 450 001 9910158903503321 005 20230807220356.0 010 $a1-68195-013-8 035 $a(CKB)3820000000022297 035 $a(EBL)4464360 035 $a(OCoLC)946262673 035 $a(SSID)ssj0001670912 035 $a(PQKBManifestationID)16458543 035 $a(PQKBTitleCode)TC0001670912 035 $a(PQKBWorkID)15002575 035 $a(PQKB)11391638 035 $a(MiAaPQ)EBC4464360 035 $a(EXLCZ)993820000000022297 100 $a20160707h20152015 uy 1 101 0 $aeng 135 $aur|n|---||||| 181 $ctxt 182 $cc 183 $acr 200 10$aLittle Lord Fauntleroy /$fby Frances Hodgson Burnett 210 1$aTustin, California :$cXist Publishing,$d2015. 210 4$dİ2015 215 $a1 online resource (130 p.) 225 1 $aXist Classics 300 $aDescription based upon print version of record. 327 $aBook Club Discussion Guide; Book Club Discussion Questions 410 0$aXist classics. 606 $aGrandfathers$vFiction 607 $aGreat Britain$xHistory$y19th century$vFiction 615 0$aGrandfathers 676 $a813.4 700 $aBurnett$b Frances Hodgson$0193253 801 0$bMiAaPQ 801 1$bMiAaPQ 801 2$bMiAaPQ 906 $aBOOK 912 $a9910158903503321 996 $aLittle Lord Fauntleroy$9517454 997 $aUNINA